| 000 | 00656nam a2200205Ia 4500 | ||
|---|---|---|---|
| 003 | GCL | ||
| 008 | 140319s9999 xx 000 0 ara d | ||
| 040 |
_aGCL / _cGCL |
||
| 082 | 0 | 4 |
_a843.03 _bب غ |
| 100 | 1 | _aنظمى لوقا | |
| 245 | 1 | 0 |
_aغرام سوان / _cنظمى لوقا |
| 700 | 1 | _aبروست، مارسيل | |
| 260 |
_a[S.N] : _bالمؤسسة العربية الحديثة |
||
| 490 |
_aكتابى _v0 |
||
| 650 | 0 | 4 | _aالادب العالمى |
| 650 | 0 | 4 | _aالادب الفرنسى المترجم |
| 650 | 0 | 4 | _aالادب العالمى المترجم |
| 650 | 0 | 4 | _aالقصص الفرنسية المترجمة |
| 942 |
_2ddc _cBK |
||
| 999 |
_c35241 _d35241 |
||